000 00516nam a2200181Ia 4500
008 090124s9999 xx 000 0 und d
082 _b18487
100 _aनंदा गुलशन
245 _a देवछाय़ा
250 _a1
260 _bमनोरंजन प्रकाशन
_c1976
300 _a161
600 _aनंदा गुलशन
630 _a देवछाय़ा
700 _aनंदा गुलशन
730 _a देवछाय़ा
942 _cBOOK
999 _c89544
_d89544